000 01519nam a2200373 i 4500
001 ELB75925
003 FlNmELB
005 20250326042948.0
006 m o d |
007 cr cnu||||||||
008 190506s2008 mx o 000 0 spa d
020 _z9789707227620
020 _a9781449266424 (e-book)
035 _a(OCoLC)1230152680
040 _aFINmELB
_bspa
_erda
_cFINmELB
050 4 _aPQ7251
_b.P474 2008
082 0 _a861
_223
100 1 _aPérez Gálvez, Alberto,
_d1972-
_eautor.
245 1 3 _aLa piel del fuego /
_cAlberto Pérez Gálvez.
264 1 _aSan Rafael, México :
_bPlaza y Valdés,
_c2008.
300 _a1 recurso en línea (74 páginas).
336 _atexto
_btxt
_2rdacontent/spa
337 _acomputadora
_bc
_2rdamedia/spa
338 _arecurso en línea
_bcr
_2rdacarrier/spa
490 1 _aPoesía
588 _aDescripción basada en el editor de metadatos y otras fuentes.
590 _aRecurso electrónico. Santa Fe, Arg.: elibro, 2018. Disponible vía World Wide Web. El acceso puede estar limitado para las bibliotecas afiliadas a elibro.
650 0 _aMexican poetry.
655 4 _aLibros electrónicos.
776 0 8 _iPrint version:
_aPérez Gálvez, Alberto, 1972-
_tPiel del fuego.
_dSan Rafael, México : Plaza y Valdés, 2008
_h74 páginas
_kPoesía (Plaza y Valdés (Firm))
_z9789707227620
_w(DLC) 2009403866
797 2 _aelibro, Corp
830 0 _aPoesía (Plaza y Valdés (Firm))
856 4 0 _uhttps://elibro.net/ereader/usam/75925
_zClick to View
999 _c138102
_d138102